| 000 | 00690cam a2200229 a 4500 | ||
|---|---|---|---|
| 001 | 000005306 | ||
| 005 | 20200929151635.0 | ||
| 008 | 980715s2000 sp b 000 1 spa | ||
| 020 | _a8495501562 | ||
| 040 |
_aDO-SdBNP _bspa _cBNPHU |
||
| 082 |
_a863.64 _bA727a |
||
| 100 | 1 |
_aArmas Marcelo, J. J., _d1946- _915077 |
|
| 245 | 1 | 0 |
_aAsí en La Habana como en el cielo / _cJ.J. Armas Marcelo. |
| 260 |
_a[Madrid] : _bSuma de Letras, _c2000. |
||
| 300 |
_a415 p. : _bmaps ; _c22 cm. |
||
| 490 | 1 |
_aPunto de lectura _v42 |
|
| 650 | 4 |
_aNovela española _91123 |
|
| 650 | 4 |
_aLiteratura española _9632 |
|
| 830 | 0 |
_aPunto de lectura ; _v42 _93047 |
|
| 910 | _aCatalogación derivada | ||
| 910 | _aWM | ||
| 999 |
_c5107 _d5107 |
||